000 01547nam a22002537a 4500
005 20190304145526.0
008 140429s1891 fr ||||fr|||| 00| 0 fre d
040 _cSandra Yazo
_dSandra Yazo
041 0 _afre
082 0 4 _2910.02145
_a20
092 _aE29N012
100 1 _aBourget, Paul
_d1852-1935
_960359
242 0 0 _aImpresiones sobre Italia
_cPablo Bourget
_bToscana, Umbría y Magna-Grecia
_yspa
245 1 0 _aSensations d’Italie
_bToscane - Ombrie - Grande-Grèce
_cPaul Bourget
260 _aParís (Francia)
_bPlon - Nourrit et Cie. [Plon-Nourrit y Compañía]
_c1891
300 _a342 páginas
_c18 x 12 cm.
500 _aDetalles físicos: Encuadernación rígida (holandesa) en cartón duro forrado en papel y lomo en tela texturizada. Conserva guardas, hoja de cortesía. Anteportada. Portada impresa en una sola tinta, con la marca tipográfica del editor. Texto impreso en una sola columna, sobre papel de regular calidad, con diferentes tipos y tamaños de letra. Cortes decorados. Ej.1 Tapas con raspaduras en bordes; Ej.2 En buen estado de conservación
505 0 _aImpresiones sobre Italia (octubre a diciembre de 1890): Volterrra ; Colle ; Siena ; Monte Oliveto ; Montepulciano ; Chiusi ; Orvieto ; Peruggia ; Asís ; Ancona ; Foggia ; Lucera ; Bari ; Brindisi ; Lecce ; Tarento ; Crotona ; Reggio Calabria
506 _aConsulta en sala
546 _aTexto en francés
650 7 _97508
_aDescripciones y viajes
_zItalia
690 _aGeografía de Europa
_926501
942 _cLIBRO
_e1
_2LOCAL
_hE29N012
999 _c242255
_d242255